Actualidades de construcción : 1971-1972 : se incluyen obras hasta junio de 1973 /
Compendio de las principales obras de ingeniería civil construidas en México desde 1971 y hasta la mitad del año 1973, y de las cuáles, sus creadores presentan las características técnicas de su sistema de construcción. La obra está dividida temáticamente por: Puentes; Cimentaciones; Drenaje; Muros...
Wedi'i Gadw mewn:
| Prif Awdur: | |
|---|---|
| Fformat: | Llyfr |
| Iaith: | Sbaeneg |
| Cyhoeddwyd: |
México :
Ricardo Lasso H.,
1973, c1973
|
| Pynciau: | |
| Tagiau: |
Dim Tagiau, Byddwch y cyntaf i dagio'r cofnod hwn!
|
MARC
| LEADER | 00000nam^a2200000^a^4500 | ||
|---|---|---|---|
| 001 | 000186834 | ||
| 005 | 20250526000000.0 | ||
| 009 | 20260310102240.267 | ||
| 037 | |a Acervo ITESO - Biblioteca | ||
| 041 | |a ESP | ||
| 082 | |a 624. 0972 |b LAS | ||
| 100 | |a Lasso Herrera, Ricardo |e (autor) | ||
| 240 | 1 | 1 | |a [Actualidades de construcción] |
| 245 | 1 | 0 | |a Actualidades de construcción : |b 1971-1972 : se incluyen obras hasta junio de 1973 / |c R. Lasso Herrera. |
| 264 | 4 | |a México : |b Ricardo Lasso H., |c 1973, c1973 | |
| 300 | |a 84 p. (gran formato) ; |c 28.5 cm. | ||
| 336 | |a texto |b txt |2 rdacontenido | ||
| 337 | |a sin mediación |b n |2 rdamedio | ||
| 338 | |a volumen |b nc |2 rdasoporte | ||
| 520 | |a Compendio de las principales obras de ingeniería civil construidas en México desde 1971 y hasta la mitad del año 1973, y de las cuáles, sus creadores presentan las características técnicas de su sistema de construcción. La obra está dividida temáticamente por: Puentes; Cimentaciones; Drenaje; Muros continuos; Prefabricados y estructuras urbanas preforzadas. | ||
| 649 | |a XX | ||
| 650 | |a Cimentación - |z México | ||
| 650 | |a Muros de Carga | ||
| 650 | |a Muros de Contención | ||
| 650 | |a Muros - |z México | ||
| 650 | |a Construcción - |z México - |x Historia - |y 1970-1979 - |x Tema Principal | ||
| 650 | |a Ingeniería Civil - |z México - |x Historia - |y 1970-1979 | ||
| 650 | |a Sistema de Drenaje y Alcantarillado - |z México | ||
| 650 | |a Puentes - |z México | ||
| 650 | |a Arquitectura Prefabricada - |z México | ||
| 650 | |a Arquitectura Mexicana - |y Siglo XX | ||
| 650 | |a Arquitectura Mexicana - |x Historia y Crítica | ||
| 910 | |a Fondo Julio de la Peña Lomelín | ||
| 920 | |a Impresos - Libros | ||
| 930 | |a Libros Antiguos y Raros | ||
| 940 | |a Arquitectos Jaliscienses | ||
| 905 | |a 108 | ||
| 901 | |a 0500128520 |b IT2 |c LRA |u 20250526 | ||
| 902 | |a https://opac.biblio.iteso.mx/vufind/Record/000186834 | ||